| 000 | 00761pam a2200229 a 4500 | ||
|---|---|---|---|
| 020 | _a0027442802 : | ||
| 040 | _cDLC | ||
| 082 | 0 | 0 | _a635 BRA 1993 |
| 100 | 1 | _aHolmes, Anita, | |
| 245 | 1 | 0 |
_aFlowers for you : _bblooms for every month / |
| 250 | _a1st American ed. | ||
| 260 |
_aNew York : _bBradbury Press ; _aToronto : _bMaxwell Macmillan Canada ; _aNew York : _bMaxwell Macmillan International, _cc1993. |
||
| 300 |
_a48 p. : _bcol. ill. ; _c29 cm. |
||
| 520 | _aDescribes a variety of flowering plants and what it takes to grow them successfully indoors. | ||
| 650 | 0 | _aHouse plants | |
| 650 | 0 | _aFlowers | |
| 650 | 0 | _aIndoor gardening | |
| 650 | 1 | _aIndoor gardening. | |
| 650 | 1 | _aGardening. | |
| 700 | 2 | _aWright-Frierson, Virginia, | |
| 942 | _cAEDBB | ||
| 999 |
_c11278 _d11278 |
||